000 01724cam a22003374a 4500
999 _c529185
_d529185
001 15637683
005 20190920163734.0
008 090225s2009 nyua 001 0 eng
010 _a 2009007907
020 _a9780071615693 (alk. paper)
020 _a0071615695 (alk. paper)
035 _a(OCoLC)ocn244060715
040 _aDLC
_cDLC
_dYDX
_dBTCTA
_dBAKER
_dYDXCP
_dORX
_dVP@
_dIXA
_dFER
_dDLC
050 0 0 _aQA331.7
_b.S33 2009
082 0 0 _a515.9
_222
_bSPI
100 _aSpiegel, Murray R.
_951
245 0 0 _aSchaum's outlines :
_bcomplex variables : with an introduction to conformal mapping and its applications /
_cMurray R. Spiegel ... [et al.].
246 3 0 _aComplex variables
260 _aLahore :
_bJahangir Books,
_cc1999.
300 _a313 p. :
_bill. ;
_c28 cm.
490 1 _aSchaum's outline series
500 _aIncludes index.
505 0 _aComplex numbers -- Functions, limits, and continuity -- Complex differentiation and the Cauchy-Riemann equations -- Complex integration and Cauchy's theorem -- Cauchy's integral formulas and related theorems -- Infinite series Taylor's and Laurent's series -- The residue theorem evaluation of integrals and series -- Conformal mapping -- Physical applications of conformal mapping -- Special topics.
650 0 _aFunctions of complex variables.
_910426
650 0 _aFunctions of several complex variables.
_921041
700 1 _aSpiegel, Murray R.
_951
830 0 _aSchaum's outline series.
_98664
906 _a7
_bcbc
_corignew
_d1
_eecip
_f20
_gy-gencatlg
942 _2ddc
_cBK